<?xml version="1.0" encoding="UTF-8"?>
<collection xmlns="http://www.loc.gov/MARC21/slim">
 <record>
  <leader>01052nam a2200193   4500</leader>
  <controlfield tag="001">1/13040</controlfield>
  <controlfield tag="008">980609s1948    gr            000 0 gre d</controlfield>
  <datafield tag="035" ind1=" " ind2=" ">
   <subfield code="l">13489</subfield>
  </datafield>
  <datafield tag="040" ind1=" " ind2=" ">
   <subfield code="a">GR-PeUP</subfield>
  </datafield>
  <datafield tag="082" ind1="0" ind2="0">
   <subfield code="a">911 ΚΟ</subfield>
  </datafield>
  <datafield tag="100" ind1="1" ind2=" ">
   <subfield code="a">Κόλιας, Γεώργιος Τ.</subfield>
  </datafield>
  <datafield tag="245" ind1="1" ind2="0">
   <subfield code="a">Ιστορική γεωγραφία του ελληνικού χώρου :</subfield>
   <subfield code="b">εποικισμός, πολιτική γεωγραφία, οικονομική γεωγραφία /</subfield>
   <subfield code="c">Γεωργίου Τ. Κόλια.</subfield>
  </datafield>
  <datafield tag="260" ind1=" " ind2=" ">
   <subfield code="a">Αθήνα :</subfield>
   <subfield code="b">Υπουργείο Ανοικοδομήσεως,</subfield>
   <subfield code="c">1948.</subfield>
  </datafield>
  <datafield tag="300" ind1=" " ind2=" ">
   <subfield code="a">340 σ. ;</subfield>
   <subfield code="c">24 εκ.</subfield>
  </datafield>
  <datafield tag="490" ind1="1" ind2=" ">
   <subfield code="a">Σειρά Εκδόσεων του Υπουργείου Ανοικοδομήσεως ;</subfield>
  </datafield>
  <datafield tag="650" ind1=" " ind2="4">
   <subfield code="a">Γεωγραφία, Οικονομική.</subfield>
  </datafield>
  <datafield tag="650" ind1=" " ind2="4">
   <subfield code="a">Γεωγραφία, Ιστορική</subfield>
   <subfield code="z">Ελλάδα.</subfield>
  </datafield>
  <datafield tag="830" ind1=" " ind2=" ">
   <subfield code="a">Σειρά Εκδόσεων του Υπουργείου Ανοικοδομήσεως ;</subfield>
   <subfield code="v">35</subfield>
  </datafield>
  <datafield tag="852" ind1=" " ind2=" ">
   <subfield code="a">INST</subfield>
   <subfield code="b">UNIPILB</subfield>
   <subfield code="c">MAIN</subfield>
   <subfield code="e">20040709</subfield>
   <subfield code="h">911 ΚΟ</subfield>
   <subfield code="p">00128958</subfield>
   <subfield code="q">00128958</subfield>
   <subfield code="t">LOAN</subfield>
   <subfield code="y">0</subfield>
   <subfield code="4">1</subfield>
  </datafield>
 </record>
</collection>
